Call for abolition of farmers' permitted development rights. (Record no. 69912)

MARC details
000 -LEADER
fixed length control field 00877cam a2200205 4500
001 - CONTROL NUMBER
control field WB3812-32
008 - FIXED-LENGTH DATA ELEMENTS--GENERAL INFORMATION
fixed length control field 020404n2002 000 0 eng u
035 ## - SYSTEM CONTROL NUMBER
System control number (Sirsi) u117347
245 ## - TITLE STATEMENT
Title Call for abolition of farmers' permitted development rights.
260 ## - PUBLICATION, DISTRIBUTION, ETC.
Date of publication, distribution, etc. 2002
490 ## - SERIES STATEMENT
Series statement Farmers' Weekly
Volume/sequential designation 136 (13) 29 March 2002, 12(1)
520 ## - SUMMARY, ETC.
Summary, etc. Royal Commission on Environmental Pollution report 'Environmental Planning' recommends ending special arrangements which allow farmers to carry out some development work without applying for planning permission. Copies of report available from Stationery Office t +44 (0) 0870 600 5522 and can shortly be viewed at http://www.planning.haynet.com
590 ## - LOCAL NOTE (RLIN)
Local note WB
650 ## - SUBJECT ADDED ENTRY--TOPICAL TERM
Topical term or geographic name entry element FARMING
650 ## - SUBJECT ADDED ENTRY--TOPICAL TERM
Topical term or geographic name entry element PLANNING DEVELOPMENT
650 ## - SUBJECT ADDED ENTRY--TOPICAL TERM
Topical term or geographic name entry element PERMITTED DEVELOPMENT
650 ## - SUBJECT ADDED ENTRY--TOPICAL TERM
Topical term or geographic name entry element AGRICULTURE
690 ## - LOCAL SUBJECT ADDED ENTRY--TOPICAL TERM (OCLC, RLIN)
Topical term or geographic name as entry element Rural
9 (RLIN) 6268
942 ## - ADDED ENTRY ELEMENTS (KOHA)
Suppress in OPAC 0
Holdings
Withdrawn status Lost status Source of classification or shelving scheme Damaged status Not for loan Home library Current library Shelving location Date acquired Total Checkouts Full call number Barcode Date last seen Copy number Price effective from Koha item type
    Dewey Decimal Classification     London London News article 04/04/2002   WB3812-32 117347-1001 06/08/2019 1 06/08/2019 News article